| 000 | 01322cam a2200325 a 4500 | ||
|---|---|---|---|
| 999 |
_c3826 _d3826 |
||
| 001 | 1664544 | ||
| 003 | OSt | ||
| 005 | 20241106085408.0 | ||
| 008 | 160412s2016 enka j 000 0 eng d | ||
| 020 | _a9780008197056 | ||
| 040 |
_aAU@ _beng _erda _cAU@ _dOCLCO _dOCLCQ _dOCLCF _dTOH _dIC1 _dOCL _dNZALP _dNZHSD _dUX0 _dOCLCQ _dOCLCO _dDHA _dMLN _dKH8 |
||
| 042 | _anbic | ||
| 082 | 0 | _a823.92 WAL | |
| 100 | 1 |
_aWalliams, David, _d1971- _eAuthor. |
|
| 245 | 1 | 4 |
_aThe world's worst children / _cDavid Walliams ; illustrated in glorious colour by Tony Ross. |
| 260 |
_aLondon : _bHarperCollins Children's Books, _c2016. |
||
| 300 |
_a261 p. : _bcolor ill. ; _c20 cm. |
||
| 336 |
_atext _btxt _2rdacontent. |
||
| 336 |
_astill image _bsti _2rdacontent. |
||
| 337 |
_aunmediated _bn _2rdamedia. |
||
| 338 |
_avolume _bnc _2rdacarrier. |
||
| 440 | _n1 | ||
| 520 | _aFrom the world's favorite author, David Walliams cautionary tales and a delightfully dreadful cast of characters all in a gorgeous full color format! Are you ready to meet the World's Worst Children? Five beastly boys and five gruesome girls! | ||
| 650 | 0 |
_aChildren _xConduct of life _vJuvenile fiction. |
|
| 650 | 0 |
_aChildren _vJuvenile fiction. |
|
| 650 | 0 | _aChildren's stories. | |
| 650 | 0 | _aHumorous stories. | |
| 700 | 1 |
_aRoss, Tony. _eIllustrator. |
|
| 942 |
_2ddc _cFIC |
||